Dirección proyectos agua pesada : resumen de actividades 1959-1983.

Guardado en:
Autor Corporativo: Comisión Nacional de Energía Atómica.
Formato: Libro
Idioma:Spanish
Publicado: Buenos Aires : Comisión Nacional de Energía Atómica (CNEA), 1984.
Materias:
Etiquetas: Agregar Etiqueta
Sin Etiquetas, Sea el primero en etiquetar este registro!
LEADER 00641nam a22001695a 4500
001 EIQ.libpla002284
008 070521s1984####ag#a#####b####000#0#spa#d
005 20070521155600.0
245 1 0 |a Dirección proyectos agua pesada :  |b resumen de actividades 1959-1983. 
260 |a Buenos Aires :  |b Comisión Nacional de Energía Atómica (CNEA),  |c 1984. 
300 |a 114 cm. :  |b il. ;  |c 28 cm. 
504 |a Incluye referencias bibliográficas. 
710 2 |a Comisión Nacional de Energía Atómica. 
650 4 |a Agua pesada  |x Proyectos. 
650 4 |a Heavy water  |x Proyects. 
040 |a AR-BbSID  |b spa  |c AR-BbSID 
859 |a AR-BbSID  |b BIB. PLAPIQUI  |h 661.08  |i D 628  |p 3298